000 00533nam a2200181Ia 4500
008 100917s9999 xx 000 0 und d
082 _b14401
100 _aफाटक गणेश कृष्णशास्त्री
245 _aअनाथांचा नाथ
260 _b---
_c1927
300 _a254
365 _b2.5
520 _aकादंबरी
630 _aअनाथांचा नाथ
650 _aकादंबरी
730 _aअनाथांचा नाथ
942 _cBOOK
999 _c619795
_d619792